00437nam a2200169Ia 450000500170000000800410001702000180005804100080007608200150008410000130009924500320011226000440014430000090018850000290019765000280022670000130025420251113152044.0230125s9999 xx 000 0 und d a0-7126-7129-3 aeng a158.1bSTE aChopra D aAgeless body, timeless mind c1993bRiders Publication LondonaLondon a348p aPersonality Development, aPersonality Development aChopra D